Statistics for Africa Map Minesweeper Randomized

Click here to take the quiz!

General Stats

  • This quiz has been taken 321 times
  • The average score is 22 of 24

Answers on the Map

Answers color-coded by a green-red scale on the quiz's map according to % correct below.
 

Answer Stats

Country% Correct
Morocco
98%
Chad
97%
D. R. Congo
97%
Libya
97%
Egypt
96%
Mali
96%
Sudan
96%
Burundi
95%
Eswatini
94%
Ethiopia
94%
Niger
94%
Somalia
94%
South Africa
94%
South Sudan
94%
Algeria
93%
Uganda
93%
Burkina Faso
92%
Gambia
92%
Tanzania
92%
Guinea-Bissau
91%
Kenya
91%
Malawi
91%
Cameroon
90%
Central African
Republic
90%
Mauritania
90%
Namibia
90%
Tunisia
90%
Zimbabwe
90%
Lesotho
89%
Liberia
89%
Zambia
89%
Angola
88%
Eritrea
88%
Rep. of the Congo
88%
Rwanda
88%
Botswana
87%
Guinea
87%
Ivory Coast
87%
Nigeria
87%
Senegal
87%
Djibouti
86%
Equatorial Guinea
86%
Ghana
86%
Mozambique
86%
Sierra Leone
86%
Gabon
85%
Benin
84%
Togo
84%

Score Distribution

Percentile by Number Answered

Percent of People with Each Score

Your Score History

You have not taken this quiz